000
00302nam a2200121Ia 4500
008
211105s9999 xx 000 0 und d
020
_a
VYASA13751
100
_a
Davidson Richard J.
245
4
_a
The Emotional Life Of Your Brain
250
_a
\N
260
_b
Hudson Street Press
_c
\N
300
_a
p. cm.
999
_c
11310
_d
11310